Full powers and ratification (Record no. 85160)

MARC details
000 -LEADER
campo de control de longitud fija 00699nam a2200193 i 4500
001 - NÚMERO DE CONTROL
campo de control 85160
003 - IDENTIFICADOR DE NÚMERO DE CONTROL
campo de control ES-MaACL
005 - FECHA Y HORA DE LA ÚLTIMA TRANSACCIÓN
campo de control 20230906175208.0
007 - CAMPO FIJO DE DESCRIPCIÓN FÍSICA--INFORMACIÓN GENERAL
campo de control de longitud fija t|
008 - DATOS DE LONGITUD FIJA--INFORMACIÓN GENERAL
campo de control de longitud fija 041125s1946 xxu ||||1| spa d
100 1# - ENTRADA PRINCIPAL--NOMBRE DE PERSONA
Nombre de persona Jones, J. Mervyn.
9 (RLIN) 66855
245 10 - MENCIÓN DEL TÍTULO
Título Full powers and ratification
Resto del título : a study in the development to treaty-making procedure /
Mención de responsabilidad, etc. by J. Mervyn Jones.
260 ## - PUBLICACIÓN, DISTRIBUCIÓN, ETC.
Lugar de publicación, distribución, etc. Cambridge :
Nombre del editor, distribuidor, etc. Cambridge University Press,
Fecha de publicación, distribución, etc. 1946.
300 ## - DESCRIPCIÓN FÍSICA
Extensión XV, 182 p. ;
Dimensiones 23 cm.
490 1# - MENCIÓN DE SERIE
Mención de serie Cambridge studies in international and comparative law ;
Designación de volumen o secuencia 2
830 0# - PUNTO DE ACCESO ADICIONAL DE SERIE-TÍTULO UNIFORME
Título uniforme Cambridge studies in international and comparative law ;
Designación de volumen o secuencia 2
9 (RLIN) 231696
852 ## - LOCALIZACIÓN
Ubicación ES-MaACL
Número de control de estantería C-5391
Sublocalización o colección R.25595
Holdings
Estatus retirado Estado de pérdida Estado de daño No para préstamo Biblioteca de origen Biblioteca actual Ubicación en estantería Fecha de adquisición Fuente de adquisición Total de préstamos Signatura topográfica completa Código de barras Visto por última vez Precio de reemplazo Tipo de ítem Koha
        Biblioteca del Ateneo de Madrid Biblioteca del Ateneo de Madrid Sala Palomar 17/01/2008     C-5391 1088996 23/02/2023 23/02/2023 Libro impreso